000 01007nam a2200253 i 4500
001 137656
003 ES-MaACL
005 20260121134746.0
007 t|
008 211006s1909 sp f 00110 spa d
080 _a739.1(460)(091)
100 1 _aSentenach, Narciso,
_d1856-1925
_9105479
245 1 0 _aBosquejo histórico sobre la orfebrería española /
_cpor Narciso Sentenach.
260 _aMadrid :
_b[s.n.],
_c1909 (
_fImp. de la Revista de Arch., Bibl. y Museos)
300 _a148 p., [9] h. de lám. :
_bil. ;
_c29 cm.
504 _aReferencias bibliográficas.
530 _aDisponible en formato digital.
597 _aEnc. junto con: La pintura en Madrid desde sus orígenes hasta el siglo XIX.
650 4 _aOrfebrería-
_zEspaña-
_vHistoria.
_915755
852 4 _aES-MaACL
_jF-3363 (2)
_cDEPO2
_xEncuadernacion pasta española
856 4 _uhttp://bdh-rd.bne.es/viewer.vm?id=0000191144&page=1
_y(Biblioteca Digital Hispánica)
942 _2udc
999 _c137656
_d137656